Polnische Städte auf Deutsch - Statistiken

Allgemein
  • Dieses Quiz wurde 524 mal gespielt
  • Das Durchschnittsergebnis liegt bei 6 aus 15
Antwortstatistiken
Auf Polnisch Auf Deutsch % Korrekt
Warszawa Warschau
98%
Kraków Krakau
92%
Gdansk Danzig
89%
Poznan Posen
82%
Szczecin Stettin
75%
Wrocław Breslau
68%
Olsztyn Allenstein
31%
Bydgoszcz Bromberg
27%
Elbląg Elbing
26%
Bytom Beuthen
16%
Zabrze Hindenburg
13%
Słupsk Stolp
13%
Gleiwitz Gleiwice
8%
Lublin Lüben
6%
Tychy Tichau
5%
Keine übereinstimmenden Quizze gefunden
Verteilung der Resultate
Anzahl Personen mit jedem Resultat
Perzentil nach korrekt beantworteten Fragen
Ihre Resultats-Entwicklung
Sie haben dieses Quiz noch nicht gespielt